000 00262nam a2200097Ia 4500
005 20251222114413.0
008 251222s1900||||xx |||||||||||||| ||spa||
082 _aDVD0120/C17/2003
245 4 _aThe Callas Conversations:Conversaciones con MarĂ­a Callas
942 _cDVD
999 _c2121
_d2121